000 00827nam a2200325Ia 4500
001 3619
005 20240113233638.0
007 ta
008 050601s1987 g b000 u eng u
020 _a81-85015-91-0
040 _aCotton College,Assam
041 _aeng
082 _a519.72
_bHa 117 Li
100 _aHadly, G. .
245 0 _aLinear Programming /
_cG. Hadly.
_hTextual Documents
250 _a1st ed. /
260 _aNew Delhi :
_bNarosa Publishing House ,
_c1987.
300 _axii, 520p. ;
_c21cm.
504 _aIndex
653 _aMathematics-Linner Programming
653 _aLinner Programming
653 _aPG-Mathematics
653 _aG-Mathematics
942 _2ddc
_cBK
999 _c3607
_d3607